| 000 | 01258nam2a22002531 4500 | ||
|---|---|---|---|
| 001 | rc\4074101 | ||
| 005 | 20250611081504.0 | ||
| 021 |
_aRU _b[53-11024] |
||
| 035 | _a(NLR Aleph) 008121697 | ||
| 090 |
_a9367955 _c9367955 |
||
| 100 | _a20130415d1953 |||y0rusy50 ca | ||
| 101 | 0 | _arus | |
| 102 | _aRU | ||
| 105 | _ay z ||||| | ||
| 200 | 0 | _aТ. 1 | |
| 210 |
_aМосква _cИскусство _d1953 |
||
| 215 | _a816 с. | ||
| 461 | 0 |
_1001rc\4074100 _12001#$aХрестоматия по истории западноевропейского театра$e[Для театр. учеб. заведений]$fСост. и ред. С. Мокульского$vТ. 1 _1700#1$aМокульский$bС. С.$f1896-1960$gСтефан Стефанович$3RU\NLR\AUTH\77106550$4220 _99367951 _aМокульский, С. С. (1896-1960) _cМосква _d1953 _e2-е изд., испр. и доп. Т. 1- _fСост. и ред. С. Мокульского _nИскусство _o[Для театр. учеб. заведений] _tХрестоматия по истории западноевропейского театра _vТ. 1 |
|
| 801 | 0 |
_aRU _bNLR _gpsbo |
|
| 801 | 1 |
_aRU _bELAR _2rusmarc |
|
| 852 |
_aNLR _jИс70 Г-7/26 |
||
| 942 | _cBOOK | ||
| 980 | _aNB | ||